000 00599nam a2200229 i 4500
001 C2-0231714
003 PPAK
005 20180728084857.0
008 001129s1954 enk |||| ||||| | eng d
040 _aPPAK
_beng
_cPPAK
_erda
082 0 4 _a823
_223
090 0 0 _a823
_bWAL
_dKSI
100 1 _aWallace, Edgar,
_eauthor
245 1 4 _aThe clue of the twisted candle
264 1 _aLondon :
_bPan Books ,
_c1954
300 _a186 pages ;
_c17 cm
336 _2rdacontent
_atext
337 _2rdamedia
_aunmediated
338 _2rdacarrier
_avolume
650 1 0 _aEnglish fiction
942 _ddc
_cB
999 _c151079
_d151079